[Event "M?R 2020 v bleskovém ?achu druzstev"]
[Site "Turnov"]
[Date "2020.09.12"]
[Round "15.5"]
[White "Novotny RIC, Martin"]
[Black "Obsivac MOR_B, Josef"]
[Result "0-1"]
[BlackElo "2257"]
[WhiteElo "1914"]
[LiveChessVersion "1.4.8"]

1. d4 {[%clk 0:03:02]} Nf6 {[%clk 0:03:03]} 2. c4 {[%clk 0:03:03]} e6
{[%clk 0:03:04]} 3. Nf3 {[%clk 0:03:04]} Bb4+ {[%clk 0:03:05]} 4. Nbd2
{[%clk 0:03:05]} d5 {[%clk 0:02:59]} 5. e3 {[%clk 0:03:04]} O-O {[%clk 0:02:56]}
6. a3 {[%clk 0:03:05]} Be7 {[%clk 0:02:51]} 7. Bd3 {[%clk 0:03:05]} b6
{[%clk 0:02:46]} 8. O-O {[%clk 0:03:05]} Bb7 {[%clk 0:02:47]} 9. b3
{[%clk 0:03:06]} Nbd7 {[%clk 0:02:41]} 10. Bb2 {[%clk 0:03:07]} Ne4
{[%clk 0:02:33]} 11. Ne5 {[%clk 0:02:45]} f5 {[%clk 0:02:28]} 12. Nxd7
{[%clk 0:02:15]} Qxd7 {[%clk 0:02:28]} 13. f3 {[%clk 0:02:16]} Nf6
{[%clk 0:02:17]} 14. Qc2 {[%clk 0:02:17]} c5 {[%clk 0:02:03]} 15. cxd5
{[%clk 0:02:10]} Nxd5 {[%clk 0:01:59]} 16. Rfe1 {[%clk 0:02:02]} Rac8
{[%clk 0:01:59]} 17. Qb1 {[%clk 0:01:37]} Bf6 {[%clk 0:01:52]} 18. Nc4
{[%clk 0:01:29]} Rfd8 {[%clk 0:01:36]} 19. Ne5 {[%clk 0:01:18]} Bxe5
{[%clk 0:01:34]} 20. dxe5 {[%clk 0:01:19]} Ne7 {[%clk 0:01:11]} 21. Bc4
{[%clk 0:01:13]} Bd5 {[%clk 0:01:10]} 22. Qc2 {[%clk 0:01:09]} Bxc4
{[%clk 0:01:06]} 23. Qxc4 {[%clk 0:00:56]} Qd5 {[%clk 0:01:07]} 24. Qc2
{[%clk 0:00:46]} Qd3 {[%clk 0:01:05]} 25. Rac1 {[%clk 0:00:41]} Qxc2
{[%clk 0:01:05]} 26. Rxc2 {[%clk 0:00:42]} Rd3 {[%clk 0:01:06]} 27. b4
{[%clk 0:00:43]} c4 {[%clk 0:01:05]} 28. Rec1 {[%clk 0:00:44]} b5
{[%clk 0:01:06]} 29. Kf2 {[%clk 0:00:38]} Rcd8 {[%clk 0:00:58]} 30. Ke2
{[%clk 0:00:34]} Nd5 {[%clk 0:00:56]} 31. Bd4 {[%clk 0:00:18]} Rxa3
{[%clk 0:00:53]} 32. h3 {[%clk 0:00:16]} Nxb4 {[%clk 0:00:31]} 33. Rb2
{[%clk 0:00:12]} Nd3 {[%clk 0:00:27]} 34. Rcc2 {[%clk 0:00:05]} Nxb2
{[%clk 0:00:27]} 35. Rxb2 a6 {[%clk 0:00:26]} 36. g4 {[%clk 0:00:07]} g6
{[%clk 0:00:25]} 37. gxf5 {[%clk 0:00:08]} gxf5 {[%clk 0:00:26]} 38. Rc2
{[%clk 0:00:05]} Rb3 {[%clk 0:00:24]} 39. Kd2 {[%clk 0:00:05]} a5
{[%clk 0:00:25]} 40. Ra2 {[%clk 0:00:05]} a4 {[%clk 0:00:26]} 41. Kc2
{[%clk 0:00:07]} Kf7 {[%clk 0:00:25]} 42. Ra1 {[%clk 0:00:06]} Rg8
{[%clk 0:00:26]} 0-1

[Event "M?R 2020 v bleskovém ?achu druzstev"]
[Site "Turnov"]
[Date "2020.09.12"]
[Round "15.6"]
[White "Bures MOR_B, Vit"]
[Black "Nemec RIC, Jachym"]
[Result "0-1"]
[BlackElo "2002"]
[WhiteElo "2197"]
[LiveChessVersion "1.4.8"]

1. d4 {[%clk 0:03:01]} Nf6 {[%clk 0:03:02]} 2. c4 {[%clk 0:03:03]} g6
{[%clk 0:03:03]} 3. Nc3 {[%clk 0:03:04]} d5 {[%clk 0:03:05]} 4. cxd5
{[%clk 0:03:05]} Nxd5 {[%clk 0:03:06]} 5. e4 {[%clk 0:03:07]} Nxc3
{[%clk 0:03:06]} 6. bxc3 {[%clk 0:03:08]} Bg7 {[%clk 0:03:07]} 7. Nf3
{[%clk 0:03:09]} c5 {[%clk 0:03:08]} 8. Be3 {[%clk 0:03:09]} O-O {[%clk 0:03:08]}
9. Rc1 {[%clk 0:03:05]} Qa5 {[%clk 0:03:04]} 10. Qd2 {[%clk 0:02:59]} Rd8
{[%clk 0:03:04]} 11. d5 {[%clk 0:02:59]} e6 {[%clk 0:03:05]} 12. Bg5
{[%clk 0:02:57]} f6 {[%clk 0:03:06]} 13. Be3 {[%clk 0:02:56]} exd5
{[%clk 0:02:50]} 14. exd5 {[%clk 0:02:57]} Bg4 {[%clk 0:02:32]} 15. Bc4
{[%clk 0:02:19]} Bxf3 {[%clk 0:02:18]} 16. gxf3 {[%clk 0:02:19]} Nd7
{[%clk 0:02:11]} 17. Be2 {[%clk 0:01:02]} Ne5 {[%clk 0:01:58]} 18. c4
{[%clk 0:00:59]} Qxd2+ {[%clk 0:01:58]} 19. Kxd2 {[%clk 0:01:00]} b6
{[%clk 0:01:58]} 20. f4 {[%clk 0:00:56]} Nf7 {[%clk 0:01:59]} 21. f5
{[%clk 0:00:44]} Nd6 {[%clk 0:01:49]} 22. fxg6 {[%clk 0:00:42]} hxg6
{[%clk 0:01:50]} 23. Rhg1 {[%clk 0:00:36]} Kf7 {[%clk 0:01:48]} 24. Bd3
{[%clk 0:00:36]} f5 {[%clk 0:01:47]} 25. Rg2 {[%clk 0:00:25]} Be5
{[%clk 0:01:23]} 26. f4 {[%clk 0:00:16]} Bf6 {[%clk 0:01:22]} 27. Rcg1
{[%clk 0:00:17]} Rg8 {[%clk 0:01:23]} 28. Ke2 {[%clk 0:00:10]} Rae8
{[%clk 0:01:24]} 29. Kf3 {[%clk 0:00:10]} Rxe3+ {[%clk 0:01:17]} 30. Kxe3
{[%clk 0:00:11]} Bd4+ {[%clk 0:01:18]} 31. Kf3 {[%clk 0:00:09]} Bxg1
{[%clk 0:01:19]} 32. Rxg1 {[%clk 0:00:11]} Rh8 {[%clk 0:01:20]} 33. Rg2
{[%clk 0:00:12]} Rh3+ {[%clk 0:01:17]} 34. Ke2 {[%clk 0:00:12]} Kf6
{[%clk 0:01:16]} 35. Kd2 {[%clk 0:00:07]} Nf7 {[%clk 0:01:06]} 36. Re2
{[%clk 0:00:07]} Nh6 {[%clk 0:00:56]} 37. Re6+ {[%clk 0:00:06]} Kf7
{[%clk 0:00:57]} 38. Rc6 {[%clk 0:00:03]} Rxh2+ {[%clk 0:00:54]} 39. Kc3
{[%clk 0:00:04]} Rxa2 {[%clk 0:00:46]} 40. Rc7+ {[%clk 0:00:06]} Kf6
{[%clk 0:00:46]} 41. d6 {[%clk 0:00:06]} Nf7 {[%clk 0:00:45]} 42. d7
{[%clk 0:00:04]} Rh2 {[%clk 0:00:35]} 43. Rc8 {[%clk 0:00:03]} Ke7
{[%clk 0:00:32]} 44. Re8+ Kxd7 {[%clk 0:00:27]} 45. Ra8 {[%clk 0:00:04]} Nd6
{[%clk 0:00:25]} 46. Rxa7+ {[%clk 0:00:05]} Ke6 {[%clk 0:00:26]} 47. Rg7
{[%clk 0:00:06]} Rh6 {[%clk 0:00:27]} 48. Be2 {[%clk 0:00:04]} Ne4+
{[%clk 0:00:27]} 49. Kc2 {[%clk 0:00:06]} Kf6 {[%clk 0:00:27]} 50. Rb7
{[%clk 0:00:07]} Rh2 {[%clk 0:00:25]} 51. Rxb6+ {[%clk 0:00:08]} Kg7
{[%clk 0:00:26]} 52. Kd3 {[%clk 0:00:09]} Rh3+ {[%clk 0:00:25]} 53. Kc2
{[%clk 0:00:10]} Rc3+ 54. Kb2 Re3 {[%clk 0:00:26]} 55. Bd1 {[%clk 0:00:12]} Kh6
{[%clk 0:00:27]} 56. Bc2 {[%clk 0:00:13]} Kh5 {[%clk 0:00:27]} 57. Rc6
{[%clk 0:00:14]} Re2 {[%clk 0:00:27]} 58. Kb3 {[%clk 0:00:15]} Kg4
{[%clk 0:00:25]} 59. Bxe4 {[%clk 0:00:13]} Rxe4 {[%clk 0:00:26]} 60. Rxc5 Kxf4
{[%clk 0:00:26]} 61. Rd5 {[%clk 0:00:14]} g5 62. c5 {[%clk 0:00:16]} g4
{[%clk 0:00:28]} 63. c6 {[%clk 0:00:17]} Re8 {[%clk 0:00:27]} 64. c7
{[%clk 0:00:18]} Rc8 {[%clk 0:00:28]} 65. Rc5 {[%clk 0:00:19]} g3
{[%clk 0:00:29]} 66. Kb4 {[%clk 0:00:19]} g2 {[%clk 0:00:30]} 67. Rc1
{[%clk 0:00:20]} Kg3 {[%clk 0:00:31]} 68. Kb5 {[%clk 0:00:21]} f4
{[%clk 0:00:29]} 69. Kb6 {[%clk 0:00:22]} f3 {[%clk 0:00:30]} 70. Kb7
{[%clk 0:00:22]} Rh8 {[%clk 0:00:31]} 71. Rd1 {[%clk 0:00:23]} f2
{[%clk 0:00:26]} 72. Rd8 {[%clk 0:00:23]} Rxd8 {[%clk 0:00:20]} 73. cxd8=Q
{[%clk 0:00:25]} f1=Q {[%clk 0:00:20]} 74. Qg5+ {[%clk 0:00:26]} Kh2
{[%clk 0:00:21]} 75. Qh4+ {[%clk 0:00:26]} Kg1 {[%clk 0:00:22]} 76. Qd4+
{[%clk 0:00:23]} Qf2 {[%clk 0:00:23]} 77. Qd1+ {[%clk 0:00:24]} Kh2
{[%clk 0:00:24]} 78. Qh5+ {[%clk 0:00:25]} Kg3 {[%clk 0:00:25]} 79. Qg5+
{[%clk 0:00:26]} Kf3 {[%clk 0:00:26]} 80. Qf5+ {[%clk 0:00:27]} Ke2
{[%clk 0:00:26]} 81. Qc2+ {[%clk 0:00:28]} Ke3 {[%clk 0:00:24]} 82. Qc5+
{[%clk 0:00:28]} Kf3 {[%clk 0:00:25]} 83. Qf5+ {[%clk 0:00:30]} Ke3
{[%clk 0:00:24]} 84. Qc5+ {[%clk 0:00:31]} Kf3 {[%clk 0:00:25]} 85. Qf5+
{[%clk 0:00:32]} Kg3 {[%clk 0:00:26]} 86. Qg5+ {[%clk 0:00:32]} Kh2
{[%clk 0:00:26]} 87. Qh6+ {[%clk 0:00:24]} Kg1 {[%clk 0:00:24]} 88. Qc1+
{[%clk 0:00:25]} Qf1 {[%clk 0:00:22]} 89. Qe3+ {[%clk 0:00:26]} Kh2
{[%clk 0:00:23]} 90. Qh6+ {[%clk 0:00:27]} Kg3 {[%clk 0:00:24]} 91. Qg5+
{[%clk 0:00:28]} Kf2 {[%clk 0:00:24]} 92. Qf4+ {[%clk 0:00:22]} Kg1
{[%clk 0:00:21]} 93. Qe3+ {[%clk 0:00:24]} Qf2 {[%clk 0:00:22]} 94. Qc1+
{[%clk 0:00:25]} Kh2 {[%clk 0:00:22]} 95. Qh6+ {[%clk 0:00:26]} Kg3
{[%clk 0:00:23]} 96. Qg5+ {[%clk 0:00:27]} Kh3 {[%clk 0:00:24]} 97. Qh5+
{[%clk 0:00:21]} Qh4 {[%clk 0:00:24]} 98. Qf3+ {[%clk 0:00:22]} Kh2
{[%clk 0:00:25]} 99. Qe2 {[%clk 0:00:20]} Qh7+ {[%clk 0:00:22]} 100. Kc6
{[%clk 0:00:13]} Qg6+ {[%clk 0:00:23]} 101. Kd5 {[%clk 0:00:12]} Qf7+
{[%clk 0:00:24]} 102. Kd4 {[%clk 0:00:12]} Kh1 {[%clk 0:00:23]} 103. Qe4
{[%clk 0:00:11]} Qd7+ {[%clk 0:00:20]} 104. Kc3 {[%clk 0:00:11]} Qc7+
{[%clk 0:00:21]} 105. Kd2 {[%clk 0:00:08]} Qd6+ {[%clk 0:00:21]} 106. Ke1
{[%clk 0:00:04]} Qg3+ {[%clk 0:00:20]} 107. Kd2 {[%clk 0:00:03]} Qf2+
{[%clk 0:00:18]} 108. Kc3 {[%clk 0:00:05]} Kh2 {[%clk 0:00:18]} 109. Qh7+
{[%clk 0:00:06]} Kg3 {[%clk 0:00:15]} 110. Qg6+ {[%clk 0:00:07]} Kh3
{[%clk 0:00:16]} 111. Qh6+ {[%clk 0:00:08]} Qh4 {[%clk 0:00:16]} 112. Qe6+
{[%clk 0:00:09]} Qg4 {[%clk 0:00:17]} 113. Qh6+ {[%clk 0:00:10]} Kg3
{[%clk 0:00:18]} 114. Qe3+ {[%clk 0:00:11]} Qf3 {[%clk 0:00:19]} 0-1

[Event "M?R 2020 v bleskovém ?achu druzstev"]
[Site "Turnov"]
[Date "2020.09.12"]
[Round "15.7"]
[White "Smolik RIC, Jachym"]
[Black "Skacelik MOR_B, Petr"]
[Result "0-1"]
[BlackElo "2089"]
[WhiteElo "1852"]
[LiveChessVersion "1.4.8"]

1. d4 {[%clk 0:03:02]} Nf6 {[%clk 0:03:03]} 2. Nf3 {[%clk 0:03:03]} g6
{[%clk 0:03:04]} 3. c4 {[%clk 0:03:05]} Bg7 {[%clk 0:03:05]} 4. Nc3
{[%clk 0:03:06]} O-O {[%clk 0:03:05]} 5. e4 {[%clk 0:03:07]} d6 {[%clk 0:03:07]}
6. Be2 {[%clk 0:03:08]} Nbd7 {[%clk 0:03:07]} 7. Bg5 {[%clk 0:03:07]} h6
{[%clk 0:03:07]} 8. Bh4 {[%clk 0:03:08]} g5 {[%clk 0:03:08]} 9. Bg3
{[%clk 0:03:09]} Nh5 {[%clk 0:03:07]} 10. Bd3 {[%clk 0:02:57]} e5
{[%clk 0:03:06]} 11. d5 {[%clk 0:02:41]} Nf4 {[%clk 0:03:06]} 12. Bxf4
{[%clk 0:02:39]} exf4 {[%clk 0:03:07]} 13. Qc2 {[%clk 0:02:14]} g4
{[%clk 0:03:02]} 14. Nd2 {[%clk 0:02:14]} Ne5 {[%clk 0:03:04]} 15. g3
{[%clk 0:02:02]} f3 {[%clk 0:02:57]} 16. Nf1 {[%clk 0:01:56]} f5 {[%clk 0:02:51]}
17. Ne3 {[%clk 0:01:45]} fxe4 {[%clk 0:02:50]} 18. Bxe4 {[%clk 0:01:42]} Bf6
{[%clk 0:02:40]} 19. h4 {[%clk 0:01:09]} gxh3 {[%clk 0:02:35]} 20. Bf5
{[%clk 0:00:56]} Bg5 {[%clk 0:02:36]} 21. Bxc8 {[%clk 0:00:52]} Qxc8
{[%clk 0:02:36]} 22. Ncd1 {[%clk 0:00:33]} Qd7 {[%clk 0:02:30]} 23. Kf1
{[%clk 0:00:23]} Rae8 {[%clk 0:02:29]} 24. Kg1 {[%clk 0:00:20]} c6
{[%clk 0:02:21]} 25. b3 {[%clk 0:00:19]} cxd5 {[%clk 0:02:22]} 26. Nxd5
{[%clk 0:00:19]} Re6 {[%clk 0:02:08]} 27. N1c3 {[%clk 0:00:19]} Kg7
{[%clk 0:01:58]} 28. Rxh3 {[%clk 0:00:17]} Ng4 {[%clk 0:01:42]} 29. Ne4
{[%clk 0:00:14]} Bf6 {[%clk 0:01:25]} 30. Ndxf6 Rexf6 {[%clk 0:01:24]} 31. Nxf6
{[%clk 0:00:12]} Rxf6 {[%clk 0:01:25]} 32. Rh4 {[%clk 0:00:10]} Rg6
{[%clk 0:01:23]} 33. Qc3+ {[%clk 0:00:11]} Kh7 {[%clk 0:01:24]} 34. Re1
{[%clk 0:00:12]} Ne5 {[%clk 0:01:14]} 35. Qd4 {[%clk 0:00:10]} Qg7
{[%clk 0:01:07]} 36. Qf4 {[%clk 0:00:08]} Nd3 {[%clk 0:01:05]} 37. Qe3
{[%clk 0:00:06]} Nxe1 {[%clk 0:01:06]} 38. Qxe1 {[%clk 0:00:07]} Qf6
{[%clk 0:00:58]} 39. Rf4 {[%clk 0:00:08]} Qxf4 {[%clk 0:00:58]} 40. Qe7+
{[%clk 0:00:09]} Rg7 {[%clk 0:01:00]} 41. Qxg7+ {[%clk 0:00:09]} Kxg7
{[%clk 0:01:01]} 42. gxf4 Kf6 43. Kh2 {[%clk 0:00:11]} Kf5 {[%clk 0:01:04]} 44.
Kg3 {[%clk 0:00:12]} Ke4 {[%clk 0:01:06]} 45. Kg4 {[%clk 0:00:06]} a5
{[%clk 0:01:03]} 46. f5 {[%clk 0:00:06]} Ke5 {[%clk 0:01:04]} 47. Kxf3
{[%clk 0:00:07]} Kxf5 {[%clk 0:01:04]} 48. a3 {[%clk 0:00:07]} b6
{[%clk 0:01:03]} 49. Ke3 {[%clk 0:00:08]} Kg4 {[%clk 0:01:01]} 50. f3+
{[%clk 0:00:07]} Kf5 {[%clk 0:01:02]} 51. f4 {[%clk 0:00:07]} h5 {[%clk 0:01:02]}
52. Kf3 {[%clk 0:00:08]} h4 {[%clk 0:01:03]} 53. b4 {[%clk 0:00:09]} axb4
{[%clk 0:01:04]} 54. axb4 {[%clk 0:00:10]} h3 {[%clk 0:01:05]} 55. Kg3
{[%clk 0:00:11]} h2 {[%clk 0:01:07]} 56. Kxh2 {[%clk 0:00:12]} Kxf4
{[%clk 0:01:08]} 57. c5 {[%clk 0:00:12]} dxc5 {[%clk 0:01:09]} 58. bxc5
{[%clk 0:00:13]} bxc5 {[%clk 0:01:11]} 59. Kg2 {[%clk 0:00:15]} Ke3
{[%clk 0:01:12]} 60. Kf1 {[%clk 0:00:16]} Kd2 {[%clk 0:01:14]} 0-1

[Event "M?R 2020 v bleskovém ?achu druzstev"]
[Site "Turnov"]
[Date "2020.09.12"]
[Round "15.8"]
[White "Vavra MOR_B, Michal"]
[Black "Strnad RIC, Michael"]
[Result "0-1"]
[BlackElo "1520"]
[WhiteElo "1910"]
[LiveChessVersion "1.4.8"]

1. Nf3 {[%clk 0:03:02]} Nf6 {[%clk 0:03:02]} 2. d4 g6 3. g3 {[%clk 0:03:02]} Bg7
{[%clk 0:03:05]} 4. Bg2 {[%clk 0:03:03]} d5 {[%clk 0:03:06]} 5. O-O
{[%clk 0:03:03]} O-O {[%clk 0:03:07]} 6. c4 {[%clk 0:03:03]} c5 {[%clk 0:03:08]}
7. Nc3 {[%clk 0:02:59]} Nc6 {[%clk 0:03:08]} 8. cxd5 Nxd5 {[%clk 0:03:03]} 9. e3
{[%clk 0:02:38]} cxd4 {[%clk 0:02:54]} 10. Nxd4 {[%clk 0:02:35]} Nxc3
{[%clk 0:02:33]} 11. bxc3 {[%clk 0:02:35]} Bd7 {[%clk 0:01:59]} 12. Qb3
{[%clk 0:02:29]} Rb8 {[%clk 0:01:33]} 13. Ba3 {[%clk 0:02:22]} Nxd4
{[%clk 0:01:23]} 14. cxd4 {[%clk 0:02:22]} b5 {[%clk 0:01:14]} 15. Bc5
{[%clk 0:02:16]} a5 {[%clk 0:01:11]} 16. Rac1 {[%clk 0:02:10]} Be6
{[%clk 0:01:03]} 17. d5 {[%clk 0:01:59]} a4 {[%clk 0:00:48]} 18. Qd3
{[%clk 0:01:57]} Bd7 {[%clk 0:00:37]} 19. Rfd1 {[%clk 0:01:51]} Re8
{[%clk 0:00:34]} 20. e4 {[%clk 0:01:48]} b4 {[%clk 0:00:24]} 21. Rb1
{[%clk 0:01:40]} Qa5 {[%clk 0:00:20]} 22. Bd4 {[%clk 0:01:32]} Bxd4
{[%clk 0:00:12]} 23. Qxd4 {[%clk 0:01:33]} Qb6 {[%clk 0:00:13]} 24. Qd2
{[%clk 0:01:14]} b3 {[%clk 0:00:11]} 25. axb3 {[%clk 0:01:13]} axb3
{[%clk 0:00:12]} 26. e5 {[%clk 0:01:09]} Bf5 {[%clk 0:00:12]} 27. Rb2
{[%clk 0:01:08]} Red8 {[%clk 0:00:10]} 28. h4 {[%clk 0:00:52]} Bc2
{[%clk 0:00:09]} 29. Rc1 {[%clk 0:00:50]} Qa7 {[%clk 0:00:04]} 30. d6
{[%clk 0:00:44]} exd6 {[%clk 0:00:04]} 31. exd6 {[%clk 0:00:44]} Qa3
{[%clk 0:00:05]} 32. Qd4 {[%clk 0:00:39]} Rxd6 {[%clk 0:00:04]} 33. Qxd6
{[%clk 0:00:39]} Qxd6 {[%clk 0:00:05]} 34. Re1 {[%clk 0:00:34]} Qd2
{[%clk 0:00:06]} 35. Re7 {[%clk 0:00:31]} Qc3 {[%clk 0:00:07]} 0-1

[Event "M?R 2020 v bleskovém ?achu druzstev"]
[Site "Turnov"]
[Date "2020.09.12"]
[Round "16.1"]
[White "Kraus TUR_A, Tomas"]
[Black "Spirek CLI, Adam"]
[Result "1-0"]
[BlackElo "1924"]
[WhiteElo "2417"]
[LiveChessVersion "1.4.8"]

1. e4 {[%clk 0:03:03]} d5 {[%clk 0:03:03]} 2. Nc3 {[%clk 0:03:03]} d4
{[%clk 0:03:04]} 3. Nce2 {[%clk 0:03:04]} e5 {[%clk 0:03:05]} 4. Ng3
{[%clk 0:03:04]} c5 {[%clk 0:03:04]} 5. Bc4 {[%clk 0:03:05]} Bd6 {[%clk 0:02:58]}
6. d3 {[%clk 0:03:02]} Nc6 {[%clk 0:02:46]} 7. a3 {[%clk 0:02:56]} g6
{[%clk 0:02:46]} 8. N1e2 {[%clk 0:02:56]} Qe7 {[%clk 0:02:43]} 9. f4
{[%clk 0:02:51]} f6 {[%clk 0:02:16]} 10. O-O {[%clk 0:02:41]} Be6
{[%clk 0:02:16]} 11. Bxe6 {[%clk 0:02:39]} Qxe6 {[%clk 0:02:16]} 12. f5
{[%clk 0:02:40]} Qe7 {[%clk 0:01:56]} 13. c4 {[%clk 0:02:39]} O-O-O
{[%clk 0:01:37]} 14. Bd2 {[%clk 0:02:39]} g5 {[%clk 0:01:29]} 15. Nh5
{[%clk 0:02:34]} Qf7 {[%clk 0:01:02]} 16. g4 {[%clk 0:02:34]} Nge7
{[%clk 0:00:56]} 17. Qa4 {[%clk 0:02:24]} Kb8 {[%clk 0:00:55]} 18. b4
{[%clk 0:02:25]} Rdg8 {[%clk 0:00:43]} 19. Rab1 {[%clk 0:02:15]} Ng6
{[%clk 0:00:42]} 20. bxc5 {[%clk 0:02:13]} Nf4 {[%clk 0:00:23]} 21. Neg3
{[%clk 0:01:33]} 1-0

[Event "M?R 2020 v bleskovém ?achu druzstev"]
[Site "Turnov"]
[Date "2020.09.12"]
[Round "16.2"]
[White "Bores CLI, Roman"]
[Black "Simacek TUR_A, Pavel"]
[Result "0-1"]
[BlackElo "2407"]
[WhiteElo "2074"]
[LiveChessVersion "1.4.8"]

1. e4 {[%clk 0:03:03]} d5 {[%clk 0:03:01]} 2. exd5 {[%clk 0:03:04]} Nf6
{[%clk 0:03:02]} 3. Nf3 {[%clk 0:03:03]} Nxd5 {[%clk 0:03:03]} 4. d4
{[%clk 0:03:04]} Bg4 {[%clk 0:03:03]} 5. c4 {[%clk 0:03:04]} Nb6 {[%clk 0:03:04]}
6. Be3 {[%clk 0:02:57]} e5 {[%clk 0:03:01]} 7. Be2 {[%clk 0:02:25]} exd4
{[%clk 0:02:48]} 8. Nxd4 {[%clk 0:02:20]} Bb4+ {[%clk 0:02:44]} 9. Nc3
{[%clk 0:02:18]} Bxe2 {[%clk 0:02:43]} 10. Qxe2 {[%clk 0:02:14]} O-O
{[%clk 0:02:37]} 11. O-O {[%clk 0:02:02]} Bxc3 {[%clk 0:02:36]} 12. bxc3
{[%clk 0:02:03]} Re8 {[%clk 0:02:35]} 13. Rad1 {[%clk 0:02:00]} N8d7
{[%clk 0:02:33]} 14. c5 {[%clk 0:01:29]} Nd5 {[%clk 0:02:16]} 15. Qg4
{[%clk 0:01:01]} Ne5 {[%clk 0:02:11]} 16. Qg3 {[%clk 0:00:45]} Nxc3
{[%clk 0:02:09]} 17. Ne6 {[%clk 0:00:22]} Ne2+ {[%clk 0:02:08]} 0-1

[Event "M?R 2020 v bleskovém ?achu druzstev"]
[Site "Turnov"]
[Date "2020.09.12"]
[Round "16.3"]
[White "Vykouk TUR_A, Jan"]
[Black "Habenicht CLI, Martin"]
[Result "1-0"]
[BlackElo "1844"]
[WhiteElo "2374"]
[LiveChessVersion "1.4.8"]

1. e4 {[%clk 0:03:02]} d5 {[%clk 0:03:03]} 2. exd5 {[%clk 0:03:01]} Nf6
{[%clk 0:03:04]} 3. Bb5+ {[%clk 0:03:02]} Bd7 {[%clk 0:03:05]} 4. Be2
{[%clk 0:03:03]} Bf5 {[%clk 0:03:06]} 5. d4 {[%clk 0:03:04]} Nxd5
{[%clk 0:03:05]} 6. Nf3 {[%clk 0:03:04]} e6 {[%clk 0:03:04]} 7. O-O
{[%clk 0:03:04]} Nc6 {[%clk 0:03:05]} 8. a3 {[%clk 0:02:55]} Be7 {[%clk 0:03:02]}
9. c4 {[%clk 0:02:56]} Nb6 {[%clk 0:03:03]} 10. Nc3 {[%clk 0:02:55]} O-O
{[%clk 0:03:02]} 11. d5 {[%clk 0:02:43]} Na5 {[%clk 0:02:47]} 12. Qd4
{[%clk 0:02:19]} Nb3 {[%clk 0:02:36]} 13. Qd1 {[%clk 0:02:19]} Nxa1
{[%clk 0:02:36]} 14. Be3 {[%clk 0:02:17]} Nc2 {[%clk 0:02:14]} 15. Bf4
{[%clk 0:02:17]} Bf6 {[%clk 0:02:04]} 16. Nb5 {[%clk 0:02:12]} c6
{[%clk 0:01:01]} 17. Nc7 {[%clk 0:02:13]} Rc8 {[%clk 0:01:01]} 18. d6
{[%clk 0:02:14]} Nd7 {[%clk 0:00:54]} 19. Bd3 {[%clk 0:02:04]} Nd4
{[%clk 0:00:49]} 20. Nxd4 {[%clk 0:02:04]} Bxd3 {[%clk 0:00:47]} 21. Qxd3
{[%clk 0:01:30]} e5 {[%clk 0:00:48]} 22. Nde6 {[%clk 0:01:17]} fxe6
{[%clk 0:00:47]} 23. Nxe6 {[%clk 0:01:17]} Qe8 {[%clk 0:00:45]} 24. Nxf8
{[%clk 0:01:18]} Qxf8 {[%clk 0:00:42]} 25. Be3 {[%clk 0:01:15]} b6
{[%clk 0:00:38]} 26. b4 {[%clk 0:01:11]} Qe8 {[%clk 0:00:35]} 27. c5
{[%clk 0:01:10]} b5 {[%clk 0:00:34]} 28. Qf5 {[%clk 0:01:07]} g6 {[%clk 0:00:30]}
29. Qg4 {[%clk 0:01:08]} Bg7 {[%clk 0:00:27]} 30. Rd1 {[%clk 0:01:08]} Rd8
{[%clk 0:00:25]} 31. Qe4 {[%clk 0:01:09]} Nf6 {[%clk 0:00:24]} 32. Qh4
{[%clk 0:00:50]} Nd5 {[%clk 0:00:24]} 33. Bg5 {[%clk 0:00:49]} Rd7
{[%clk 0:00:25]} 34. Qg4 {[%clk 0:00:35]} h5 {[%clk 0:00:22]} 35. Qh3
{[%clk 0:00:35]} Nf4 {[%clk 0:00:20]} 36. Qf3 {[%clk 0:00:27]} Ne6
{[%clk 0:00:21]} 37. Qxc6 {[%clk 0:00:18]} Nxg5 {[%clk 0:00:21]} 38. Qd5+
{[%clk 0:00:19]} Qf7 {[%clk 0:00:17]} 39. c6 {[%clk 0:00:17]} Qxd5
{[%clk 0:00:10]} 40. Rxd5 {[%clk 0:00:18]} Rd8 {[%clk 0:00:06]} 41. c7
{[%clk 0:00:17]} Ne6 {[%clk 0:00:07]} 42. cxd8=Q+ {[%clk 0:00:09]} Nxd8
{[%clk 0:00:08]} 43. Rxb5 {[%clk 0:00:09]} Kf7 {[%clk 0:00:05]} 44. Rb8
{[%clk 0:00:07]} Ke8 {[%clk 0:00:06]} 45. Ra8 {[%clk 0:00:07]} Bf8
{[%clk 0:00:06]} 46. Rxa7 {[%clk 0:00:05]} Bxd6 {[%clk 0:00:06]} 47. Rg7
{[%clk 0:00:05]} Nf7 {[%clk 0:00:05]} 48. Rxg6 {[%clk 0:00:05]} Ke7
{[%clk 0:00:06]} 49. Rg8 {[%clk 0:00:04]} e4 {[%clk 0:00:06]} 50. Ra8
{[%clk 0:00:04]} Ne5 {[%clk 0:00:06]} 51. b5 {[%clk 0:00:05]} Nc4
{[%clk 0:00:06]} 52. a4 {[%clk 0:00:05]} Ke6 {[%clk 0:00:06]} 53. a5
{[%clk 0:00:05]} Kd5 {[%clk 0:00:07]} 54. b6 {[%clk 0:00:06]} Ne5
{[%clk 0:00:05]} 55. b7 {[%clk 0:00:07]} Nd7 {[%clk 0:00:05]} 56. a6
{[%clk 0:00:08]} Kc6 {[%clk 0:00:06]} 57. Rc8+ {[%clk 0:00:07]} Kb6
{[%clk 0:00:07]} 58. Rd8 {[%clk 0:00:08]} 1-0

[Event "M?R 2020 v bleskovém ?achu druzstev"]
[Site "Turnov"]
[Date "2020.09.12"]
[Round "16.4"]
[White "Sichrovsky CLI, Tomas"]
[Black "Studnicka TUR_A, Tomas"]
[Result "0-1"]
[BlackElo "2155"]
[WhiteElo "1527"]
[LiveChessVersion "1.4.8"]

1. d4 {[%clk 0:03:03]} Nf6 {[%clk 0:03:03]} 2. Nf3 {[%clk 0:03:04]} g6
{[%clk 0:03:03]} 3. Bf4 {[%clk 0:03:05]} Bg7 {[%clk 0:03:04]} 4. e3
{[%clk 0:03:06]} O-O {[%clk 0:02:57]} 5. Bd3 {[%clk 0:03:07]} d6 {[%clk 0:02:58]}
6. c3 {[%clk 0:03:08]} b6 {[%clk 0:02:58]} 7. Nbd2 {[%clk 0:03:06]} Bb7
{[%clk 0:02:59]} 8. h4 {[%clk 0:03:07]} h5 {[%clk 0:02:58]} 9. Qc2
{[%clk 0:02:49]} c5 {[%clk 0:02:56]} 10. Rc1 {[%clk 0:02:18]} Nc6
{[%clk 0:02:53]} 11. Ne4 {[%clk 0:02:02]} Rc8 {[%clk 0:02:28]} 12. Nxf6+
{[%clk 0:02:01]} exf6 {[%clk 0:02:29]} 13. Qd2 {[%clk 0:01:53]} f5
{[%clk 0:02:30]} 14. Ng5 {[%clk 0:01:49]} Qd7 {[%clk 0:02:27]} 15. O-O
{[%clk 0:01:38]} Nd8 {[%clk 0:02:10]} 16. Rfd1 {[%clk 0:01:27]} c4
{[%clk 0:02:02]} 17. Be2 {[%clk 0:01:22]} d5 {[%clk 0:02:03]} 18. Bf3
{[%clk 0:01:19]} Ne6 {[%clk 0:02:03]} 19. Nxe6 {[%clk 0:01:18]} fxe6
{[%clk 0:01:50]} 20. b3 {[%clk 0:01:13]} Bf6 {[%clk 0:01:47]} 21. Bg3
{[%clk 0:01:07]} Qe7 {[%clk 0:01:43]} 22. bxc4 {[%clk 0:01:03]} Rxc4
{[%clk 0:01:43]} 23. Be2 {[%clk 0:00:59]} Rcc8 {[%clk 0:01:44]} 24. Bf3
{[%clk 0:00:55]} Bxh4 {[%clk 0:01:43]} 25. Be5 {[%clk 0:00:53]} Bf6
{[%clk 0:01:41]} 26. Bxf6 Qxf6 {[%clk 0:01:42]} 27. c4 {[%clk 0:00:55]} g5
{[%clk 0:01:21]} 28. cxd5 {[%clk 0:00:52]} g4 {[%clk 0:01:22]} 29. Be2
{[%clk 0:00:49]} Bxd5 {[%clk 0:01:22]} 30. Qb4 {[%clk 0:00:43]} h4
{[%clk 0:01:20]} 31. f3 {[%clk 0:00:34]} h3 {[%clk 0:01:16]} 32. gxh3
{[%clk 0:00:32]} gxf3 {[%clk 0:01:11]} 33. Bd3 {[%clk 0:00:09]} Qg5+
{[%clk 0:01:04]} 34. Kf2 {[%clk 0:00:10]} Qg2+ {[%clk 0:01:05]} 35. Ke1
{[%clk 0:00:11]} f2+ {[%clk 0:01:05]} 0-1